Normal view MARC view
  • Green technology

Entry Topical Term

Number of records used in: 1

001 - CONTROL NUMBER

  • control field: 8649

003 - CONTROL NUMBER IDENTIFIER

  • control field: OSt

005 - DATE AND TIME OF LATEST TRANSACTION

  • control field: 20170530105215.0

008 - FIXED-LENGTH DATA ELEMENTS

  • fixed length control field: 170530|| aca||aabn | a|a d

040 ## - CATALOGING SOURCE

  • Original cataloging agency: OSt
  • Transcribing agency: OSt

150 ## - HEADING--TOPICAL TERM

  • Topical term or geographic name entry element: Green technology
  • General subdivision: Environmental aspects

670 ## - SOURCE DATA FOUND

  • Source citation: Work cat.: (OSt): Dayang Fatimah binti Johari 8648, Peningkatan Usaha Pejabat Setiausaha Kerajaan Negeri Melaka Ke Arah Keberkesanan Program Kesedaran Amalan Hijau Di Kalangan Jabatan-Jabatan Kerajaan Persekutuan Di Negeri Melaka /, 2012.
Pusat Sumber Maklumat Dato' Haji Sarmin Md Hussin, Akademi Kastam Diraja Malaysia, Melaka
Tel: 06-2331106 | Faks: 06-2313787